000 00428 a2200157 4500
003 OSt
005 20240111111509.0
008 240111b |||||||| |||| 00| 0 eng d
040 _coclc
082 _a297
_bBAR/S
100 _aBarbahari, Imam
_910258
245 _aSharahussunna /
_cImam Barbahari
260 _aKerala:
_bDa'wa books,
_c2008.
300 _a82p
942 _2ddc
_cBK
_h297
_iBAR/S
_k297
_mBAR/S
999 _c43148
_d43148